Nghiên cứu chế tạo mô hình lắng phục vụ trong phòng thí nghiệm

Cơ quan chủ trì: Đại học Thủ Dầu Một

Đã lưu trong:
Sonraí Bibleagrafaíochta
Príomhúdar: Đào, Minh Trung
Formáid: Leabhar
Teanga:Undetermined
Foilsithe: Bình Dương 2015
Ábhair:
Rochtain Ar Líne:http://lrc.tdmu.edu.vn/opac/search/detail.asp?aID=2&ID=35421
Clibeanna: Cuir Clib Leis
Gan Chlibeanna, Bí ar an gcéad duine leis an taifead seo a chlibeáil!
Thư viện lưu trữ: Trung tâm Học liệu Trường Đại học Thủ Dầu Một
LEADER 00744nam a2200193Ia 4500
001 TDMU_35421
008 210410s9999 xx 000 0 und d
082 |a 307.72 
090 |b Đ108 
100 |a Đào, Minh Trung 
245 0 |a Nghiên cứu chế tạo mô hình lắng phục vụ trong phòng thí nghiệm 
245 0 |c ThS. Đào Minh Trung 
260 |a Bình Dương 
260 |c 2015 
300 |a 54.tr 
520 |a Cơ quan chủ trì: Đại học Thủ Dầu Một 
650 |a Báo cáo khoa học; Mô hình lắng  |x Nghiên cứu  |x Chế tạo 
856 |u http://lrc.tdmu.edu.vn/opac/search/detail.asp?aID=2&ID=35421 
980 |a Trung tâm Học liệu Trường Đại học Thủ Dầu Một